Kamikaze invierno de Dios y misión suicida : la vida de un comerciante japones /

Salvato in:
Dettagli Bibliografici
Autore principale: Wago, Toshiaki, 1944-
Natura: Elettronico eBook
Lingua:spagnolo
Pubblicazione: Bogotá, Colombia : Editorial Oveja Negra, 2012.
Edizione:1. ed.
Serie:Digitalia eBook Collection: Editorial Oveja Negra.
Soggetti:
Accesso online:Digitalia Hispánica
Tags: Aggiungi Tag
Nessun Tag, puoi essere il primo ad aggiungerne!!

MARC

LEADER 00000nam a2200000Ia 4500
001 DIGOVENEG070
003 NyNyDIG
006 m d
007 cr |||||||||||
008 140301s2012 ck o 000 0 spa d
020 |z 9789580611905 (pbk.)  
040 |a DGITA  |b eng  |e pn  |c DGITA 
043 |a s-ck--- 
050 4 |a F2299.J3 
100 1 |a Wago, Toshiaki,   |d 1944-  
245 1 0 |a Kamikaze   |h [electronic resource] :  |b invierno de Dios y misión suicida : la vida de un comerciante japones /  |c Toshiaki Wago. 
250 |a 1. ed. 
260 |a Bogotá, Colombia :  |b Editorial Oveja Negra,  |c 2012.  |e (New York, NY. :  |f Digitalia Inc,   |g 2012). 
300 |a 1 online resource (238 p.) 
506 |a Access restricted to subscribing institutions 
650 0 |a Businesspeople  |z Colombia  |z Biography.  
650 0 |a Japanese  |z Colombia. 
655 0 |a Electronic books. 
791 2 |a Digitalia (Firm),  |e distributor. 
830 0 |a Digitalia eBook Collection: Editorial Oveja Negra. 
856 4 0 |3 Digitalia Hispánica  |u https://digitalia.unach.elogim.com/a/19888/